000 00544nam a2200193Ia 4500
005 20250923144730.0
008 008 250917s9999 xx 000 0 eng d
037 _aTextual
040 _aDSWL
_beng
_cDSWL
041 _aeng
_2eng
084 _ay13:4:67.73x, N60
_qDSWL
245 0 _aHandbook of social gerontology
_cEd. by C Tibbitts
260 _aChicago
_bUniversity of Florida Press
_c1960
300 _a770
365 _aUSD
_b0.1
925 _g0.1
942 _cTEXL
_hy13:4:67.73x, N60
999 _c1442626
_d1442626